000 00615nam a2200241Ia 4500
003 OSt
005 20221007071257.0
006 a|||||r|||| 00| 0
007 ta
008 221006b |||||||| |||| 00| 0 eng d
024 _a24,302
037 _cTextual
040 _aFLL
_cFLL
_beng
041 _2eng
_aeng
082 _aZ3:4, H1
100 _aUnderhill Arthur
_9345596
245 0 _aLaw of torts
250 _a14th
260 _aLondon
_bButterworth & Co. Pvt. Ltd. UK
_c1941
300 _axcvi,402,36p
_ccm.
942 _hZ3:4, H1
_cTEXL
_2CC
999 _c1142928
_d1142928